Технология изготовления клееных конструкций: пер. с англ.

Podrobná bibliografie
Další autoři: Таннер У. К. (редактор), Акер С. К. (переводчик), Спенсер Р. У., Дженнингс К. У., Боднар М. Дж. Майкл Дж., Батизат В. П., Заманский И. М., Кардашов Д. А. Давид Алексеевич
Shrnutí:В книге приводятся сведения о процессах склеивания: описываются различные химические методы подготовки склеиваемой поверхности, технология склеивания с помощью ультразвука, технология изготовления клеесварных соединений, применение клеев в производстве автомобилей, искусственных спутников Земли, особенности склеивания композиционных материалов.
Jazyk:ruština
Vydáno: Москва, Мир, 1975
Témata:
Médium: MixedMaterials Kniha
KOHA link:https://koha.lib.tpu.ru/cgi-bin/koha/opac-detail.pl?biblionumber=158781

MARC

LEADER 00000nam0a2200000 4500
001 158781
005 20231031154603.0
035 |a (RuTPU)RU\TPU\book\172206 
090 |a 158781 
100 |a 20090428d1975 k y0rusy50 ca 
101 1 |a rus  |c eng 
102 |a RU 
105 |a a z 001zy 
200 1 |a Технология изготовления клееных конструкций  |e пер. с англ.  |f У. К. Таннер [и др.]  |g под ред. М. Дж. Боднара ; пер. В. П. Батизат ; И. М. Заманский ; пер. под ред. Д. А. Кардашова 
210 |a Москва  |c Мир  |d 1975 
215 |a 445 с.  |c ил. 
320 |a Библиография в конце глав. 
330 |a В книге приводятся сведения о процессах склеивания: описываются различные химические методы подготовки склеиваемой поверхности, технология склеивания с помощью ультразвука, технология изготовления клеесварных соединений, применение клеев в производстве автомобилей, искусственных спутников Земли, особенности склеивания композиционных материалов. 
610 1 |a технология 
610 1 |a изготовление 
610 1 |a клееные конструкции 
610 1 |a склеивание 
610 1 |a производственные процессы 
610 1 |a защита от коррозии 
610 1 |a адгезия 
610 1 |a защитные слои 
610 1 |a оценка качества 
610 1 |a конструкционные клеи 
610 1 |a травление 
610 1 |a полиуретановые клеи 
675 |a 621.79  |v 3 
701 1 |a Таннер  |b У. К. 
701 1 |a Акер  |b С. К. 
701 1 |a Спенсер  |b Р. У. 
701 1 |a Дженнингс  |b К. У. 
702 1 |a Боднар  |b М. Дж.  |g Майкл Дж.  |4 340 
702 1 |a Батизат  |b В. П.  |4 730 
702 1 |a Заманский  |b И. М.  |4 730 
702 1 |a Кардашов  |b Д. А.  |g Давид Алексеевич  |4 340 
801 1 |a RU  |b 63413507  |c 20090428  |g PSBO 
801 2 |a RU  |b 63413507  |c 20170417  |g PSBO 
942 |c BK